banner-ar

بينالى الاسكندرية الثالث عشر لفنون دول البحر الابيض المتوسط ,26 يناير سنة 1985 / (Record no. 37186)

MARC details
000 -الفاتح
حقل البيانات ثابتة الطول 00670nam a2200193Ia 4500
008 - عناصر البيانات ثابتة الطول - معلومات عامة
حقل البيانات ثابتة الطول 140319s9999 xx 000 0 ara d
040 ## - مصدر الفهرسة
وكالة الفهرسة الأصلية GCL /
وكالة النسخ GCL
082 04 - رقم تصنيف ديوى العشرى
رقم التصنيف 708
رقم المادة م ب
100 1# - المدخل الرئيسى - إسم شخصى
الإسم الشخصى محمد فؤاد حلمى
245 10 - بيان العنوان
العنوان بينالى الاسكندرية الثالث عشر لفنون دول البحر الابيض المتوسط ,26 يناير سنة 1985 /
بيان المسئوليه,etc محمد فؤاد حلمى
260 ## - PUBLICATION, DISTRIBUTION, ETC. (IMPRINT)
تاريخ النشر أو التوزيع 1985
490 ## - بيان السلسلة
عنوان السلسلة
650 04 - المدخل الاضافى بالموضوع-مصطلح موضوعى
مصطلح موضوعي الاسكندرية
650 04 - المدخل الاضافى بالموضوع-مصطلح موضوعى
مصطلح موضوعي الرسم
650 04 - المدخل الاضافى بالموضوع-مصطلح موضوعى
مصطلح موضوعي بينالى الاسكندرية
650 04 - المدخل الاضافى بالموضوع-مصطلح موضوعى
مصطلح موضوعي الفنون - مصر
942 ## - عناصر المدخل الإضافي( كوها)
مصدر التصنيف او مخطط الترفيف Dewey Decimal Classification
Koha [default] item type كتاب
260 ## - PUBLICATION, DISTRIBUTION, ETC. (IMPRINT)
-- [S.N] :
-- محافظة الاسكندرية ،
Holdings
حالة التراجع حالة الفقد حالة تلف ليس للاعارة المكان المؤقت الموقع الحالى تاريخ الاكتساب اجمالي اﻻعارات رقم الطلب الباركود تاريخ اخر مشاهدة تاريخ تفعيل السعر نوع وعاء كوها
        مكتبة القاهرة الكبرى مكتبة القاهرة الكبرى 03/26/2014   708\م ب 90559 03/26/2014 03/26/2014 كتاب

Powered By

EGPV